مكتبة جامعة عجلون الوطنية

فهرس بحث المكتبة

امكانية تطبيق منهجية ستة سيجما لتحسين جودة الخدمات في المصارف الاسلامية الاردنية=Apply The Six Sigma approach to Improvr The Quality of Services in Jordanian Islamic Banks / (Record no. 30398)

MARC details
000 -LEADER
fixed length control field 01312nam a2200253Ii 4500
003 - CONTROL NUMBER IDENTIFIER
control field JO-AjNU
005 - DATE AND TIME OF LATEST TRANSACTION
control field 20240625100722.0
008 - FIXED-LENGTH DATA ELEMENTS--GENERAL INFORMATION
fixed length control field 230605s9999||||xx |||||||||||||| ||und||
040 ## - CATALOGING SOURCE
Original cataloging agency JO-AjNU
Language of cataloging ara
Description conventions rda
Transcribing agency JO-AjNU
041 ## - LANGUAGE CODE
Language code of text/sound track or separate title ara
050 14 - LIBRARY OF CONGRESS CALL NUMBER
Classification number HD62.15.2020
100 #1 - MAIN ENTRY--PERSONAL NAME
Personal name الزغول، رهام احمد مفضي
Relator term معد
9 (RLIN) 65587
245 10 - TITLE STATEMENT
Title امكانية تطبيق منهجية ستة سيجما لتحسين جودة الخدمات في المصارف الاسلامية الاردنية=Apply The Six Sigma approach to Improvr The Quality of Services in Jordanian Islamic Banks /
260 ## - PUBLICATION, DISTRIBUTION, ETC.
Date of publication, distribution, etc. 2020
300 ## - PHYSICAL DESCRIPTION
Extent 87 ورقة
336 ## - CONTENT TYPE
Content type term text
Content type code txt
Source rdacontent
337 ## - MEDIA TYPE
Media type term unmediated
Media type code n
Source rdamedia
338 ## - CARRIER TYPE
Carrier type term volume
Carrier type code nc
Source rdacarrier
500 ## - GENERAL NOTE
General note رسالة جامعية(اطروحة ماجستير) جامعة عجلون الوطنية ،كلية ادارة الاعمال،المصارف الاسلامية2020، يحتوي على قائمة مراجع من ص74-80ص ويحتوي على ملاحق من ص 81-87ص
650 7# - SUBJECT ADDED ENTRY--TOPICAL TERM
Topical term or geographic name entry element البنوك- تنظيم وادارة -ضبط جودة - المصارف الاسلامية - الاردن
9 (RLIN) 59604
700 #1 - ADDED ENTRY--PERSONAL NAME
Personal name أبو صفية، فخري
9 (RLIN) 65588
Relator term مشرف
700 #1 - ADDED ENTRY--PERSONAL NAME
Personal name شكري، قدري
9 (RLIN) 65590
Relator term مشرف مشارك
942 ## - ADDED ENTRY ELEMENTS (KOHA)
Source of classification or shelving scheme Library of Congress Classification
Koha item type Thesis
Holdings
Withdrawn status Lost status Source of classification or shelving scheme Damaged status Not for loan Home library Current library Shelving location Date acquired Total Checkouts Full call number Barcode Date last seen Price effective from Koha item type
    Library of Congress Classification     مكتبة جامعة عجلون الوطنية مكتبة جامعة عجلون الوطنية المراجع 25/06/2024   HD62.15.2020 A26830 06/06/2023 25/06/2024 Thesis
    Library of Congress Classification     مكتبة جامعة عجلون الوطنية مكتبة جامعة عجلون الوطنية المراجع 25/06/2024   HD62.15.2020 a26829 25/06/2024 25/06/2024 Thesis